Walt Disney's Bambi / (Record no. 84)

MARC details
000 -LEADER
fixed length control field 00995nam a22003257a 4500
001 - CONTROL NUMBER
control field 84
003 - CONTROL NUMBER IDENTIFIER
control field FISKH
005 - DATE AND TIME OF LATEST TRANSACTION
control field 20230222092608.0
008 - FIXED-LENGTH DATA ELEMENTS--GENERAL INFORMATION
fixed length control field 230222b cb ||||| |||| 00| 0 eng d
010 ## - LIBRARY OF CONGRESS CONTROL NUMBER
LC control number 82083068
020 ## - INTERNATIONAL STANDARD BOOK NUMBER
International Standard Book Number 030760196X (lib. bdg.)
040 ## - CATALOGING SOURCE
Original cataloging agency DLC
Transcribing agency DLC
Modifying agency DLC
-- FISKH
Language of cataloging eng
042 ## - AUTHENTICATION CODE
Authentication code lcac
050 00 - LIBRARY OF CONGRESS CALL NUMBER
Classification number PZ10.3
Item number .B2139 1984
082 00 - DEWEY DECIMAL CLASSIFICATION NUMBER
Classification number 599
Edition number 19
100 ## - MAIN ENTRY--PERSONAL NAME
Personal name Salten, Felix
245 10 - TITLE STATEMENT
Title Walt Disney's Bambi /
Statement of responsibility, etc. based on the original story by Felix Salten.
260 ## - PUBLICATION, DISTRIBUTION, ETC.
Place of publication, distribution, etc. Racine, Wis. :
Name of publisher, distributor, etc. Western Pub. Co.,
Date of publication, distribution, etc. 1996
300 ## - PHYSICAL DESCRIPTION
Extent 12 leaves of plates
Other physical details col. ill. ;
Dimensions 20 cm.
490 0# - SERIES STATEMENT
Series statement A Little golden book
520 ## - SUMMARY, ETC.
Summary, etc. The adventures of a young deer growing up in a forest.
521 8# - TARGET AUDIENCE NOTE
Target audience note 500
Source Lexile
521 8# - TARGET AUDIENCE NOTE
Target audience note H
Source Raz-Plus
650 #0 - SUBJECT ADDED ENTRY--TOPICAL TERM
Topical term or geographic name entry element Deer
General subdivision Juvenile fiction.
650 #1 - SUBJECT ADDED ENTRY--TOPICAL TERM
Topical term or geographic name entry element Deer
General subdivision Fiction.
700 1# - ADDED ENTRY--PERSONAL NAME
Personal name Salten, Felix,
Dates associated with a name 1869-1945.
Title of a work Bambi.
710 2# - ADDED ENTRY--CORPORATE NAME
Corporate name or jurisdiction name as entry element Walt Disney Productions.
906 ## - LOCAL DATA ELEMENT F, LDF (RLIN)
a 7
b cbu
c orignew
d 3
e opcn
f 19
g y-gencatlg
942 ## - ADDED ENTRY ELEMENTS (KOHA)
Source of classification or shelving scheme Dewey Decimal Classification
Koha item type Books
Suppress in OPAC No
Holdings
Withdrawn status Lost status Source of classification or shelving scheme Damaged status Not for loan Collection Home library Current library Shelving location Date acquired Total Checkouts Full call number Barcode Date last seen Date last checked out Price effective from Koha item type
    Dewey Decimal Classification     Juvenile Fiction Footprints International School Library Network Toul Kork Campus Footprints International School Library Network Toul Kork Campus   02/22/2023 2 SAL 599 PZ7.B2139 FISBK00194 10/26/2023 10/19/2023 02/22/2023 Books